00313nam a2200109Ia 4500008004100000041000800041100001900049245005700068260003700125300000800162700003300170250110s9999 xx 000 0 und d aeng aChavan Deepali aHow To Make Self Sustainable Special Township ...... bM.Arch Environmental, Punec2012 a50p aGuide Name:Dhamankar Namrata